| 000 | 00469nam a2200193 4500 | ||
|---|---|---|---|
| 003 | LK-CoMWRAF | ||
| 005 | 20230908123307.0 | ||
| 008 | 230908b1983 |||||||| |||| 00| 0 eng d | ||
| 020 | _a0345302745 | ||
| 040 |
_aLK-CoMWRAF _dLK-CoMWRAF _eLK-CoMWRAF |
||
| 041 | _aeng | ||
| 082 |
_a823 _bREN |
||
| 100 | _aRendell, Ruth | ||
| 245 | _aspeaker of mandarin | ||
| 260 |
_aU. S. A. : _bPantheon books, _c1984 |
||
| 300 | _a219p | ||
| 650 | _aEnglish Fiction | ||
| 942 | _cBK | ||
| 999 |
_c3486 _d3486 |
||